000 00923nam a2200265 a 4500
001 ES-MaREB00084745-8
003 OSt
005 20151020112618.0
008 020226s1979 esp 0011 spa d
020 _a84-03-68126-7
040 _cBMC
082 _a840.3
100 1 _aSimenon, Georges
_936568
_d1903-1989
245 1 0 _aNovelas de Maigret
_nTomo XI
_cGeorges Simenon; traducción, Inés Navarro Clerigues, Carmen Caamaño, Luis Hernandez Alfonso
260 _aMadrid
_bAguilar
_c1979
300 _a499 p.
_c17 cm
490 0 _aEl lince astuto
500 _aIndice
505 1 _aContiene : La loca de Maigret ; Maigret y el fantasma ; Maigret y el traficante de vino
650 2 4 _936675
_aNovela belga
700 1 _a Navarro, Inés‏
_936889
_q (Navarro Clerigues)‏
700 1 _aCaamaño Morúa, Carmen‏
_936890
700 1 _a Hernández Alfonso, Luis‏
_936891
942 _2ddc
_cBK
_hprozim
999 _c23064
_d23064